000 01076nam a2200361 a 4500
003 AR-BaBNM
005 20251128205333.0
008 082120s2002 ||||||||||||||000 | spa||
040 _cAR-BaBNM
100 1 _aDottrens, Robert
245 0 0 _aEduquer et instruire
260 _aParís
_bNathan
_bUNESCO
_c1966
300 _a367 p.
500 _aContiene referencias bibliográficas
650 4 _aDIDACTICA
650 4 _aCARACTERISTICAS DEL ALUMNO
650 4 _aMOTIVACION DEL ALUMNO
650 4 _aMETODOS DE ENSEÑANZA
650 4 _aPROCESO DE APRENDIZAJE
650 4 _aENSEÑANZA DE LA LECTURA
650 4 _aENSEÑANZA DE LA ESCRITURA
650 4 _aENSEÑANZA DE LAS MATEMATICAS
650 4 _aENSEÑANZA DE LAS CIENCIAS SOCIALES
650 4 _aEDUCACION ARTISTICA
653 _aENSENANZA DE LA LENGUA
653 _aAPRENDER A APRENDER
653 _aENSEÑANZA DE LAS CIENCIAS NATURALES
700 1 _aMialaret, Gaston
_ecolaborador
700 1 _aRast, Edmond
_ecolaborador
700 1 _aRay, Michael
_ecolaborador
942 _cBK
998 _cRAQUEL
999 _c10985
_d10985